000 00326nam a22001457a 4500
008 230515b ||||| |||| 00| 0 eng d
020 _a2900763707537
041 _aeng
080 _2FOURTH EDITION
_a34
082 _a34HAR
100 _a30
101 _aJURE
245 _aHEALTH POLICY
_cHARRINGTON CH
942 _2udc
_cBK
999 _c59722
_d59722